Electricity and magnetism with electronics / (Record no. 2236)
[ view plain ]
| 000 -LEADER | |
|---|---|
| fixed length control field | 00679cam a22002292 4500 |
| 001 - CONTROL NUMBER | |
| control field | 0000003783 |
| 005 - DATE AND TIME OF LATEST TRANSACTION | |
| control field | 20151217145740.0 |
| 008 - FIXED-LENGTH DATA ELEMENTS--GENERAL INFORMATION | |
| fixed length control field | 070515s xx 000 0 eng d |
| 020 ## - INTERNATIONAL STANDARD BOOK NUMBER | |
| International Standard Book Number | 8121908558 : |
| Terms of availability | KES 420 |
| 040 ## - CATALOGING SOURCE | |
| Original cataloging agency | KABU |
| Transcribing agency | KABU |
| 050 #0 - LIBRARY OF CONGRESS CALL NUMBER | |
| Classification number | QC522 |
| Item number | .T49 2001 |
| 100 1# - MAIN ENTRY--PERSONAL NAME | |
| Personal name | Tewari, K. K. |
| -- | 0000153931 |
| 245 10 - TITLE STATEMENT | |
| Title | Electricity and magnetism with electronics / |
| Statement of responsibility, etc. | K. K. Tewari. |
| 250 ## - EDITION STATEMENT | |
| Edition statement | 3rd rev. ed. |
| 260 ## - PUBLICATION, DISTRIBUTION, ETC. (IMPRINT) | |
| Place of publication, distribution, etc. | New Delhi : |
| Name of publisher, distributor, etc. | S. Chand & Company, |
| Date of publication, distribution, etc. | 2001. |
| 300 ## - PHYSICAL DESCRIPTION | |
| Extent | xvi, 912 p. ; |
| Dimensions | 22 cm. |
| 650 #0 - SUBJECT ADDED ENTRY--TOPICAL TERM | |
| Topical term or geographic name as entry element | Electricity. |
| -- | 0000153922 |
| 650 #0 - SUBJECT ADDED ENTRY--TOPICAL TERM | |
| Topical term or geographic name as entry element | Magnetism. |
| -- | 0000153921 |
| 908 ## - PUT COMMAND PARAMETER (RLIN) | |
| Put command parameter | 070515 |
| 950 ## - LOCAL HOLDINGS (RLIN) | |
| -- | 1 |
| Withdrawn status | Lost status | Source of classification or shelving scheme | Not for loan | Home library | Current library | Date acquired | Total Checkouts | Total Renewals | Full call number | Barcode | Date last seen | Date last checked out | Price effective from | Koha item type |
|---|---|---|---|---|---|---|---|---|---|---|---|---|---|---|
| Library of Congress Classification | Kabarak, Main Campus | Kabarak, Main Campus | 17/12/2015 | 4 | 1 | QC522 .T49 2001 | 010302 | 24/08/2023 | 26/06/2023 | 17/12/2015 | General Collection | |||
| Library of Congress Classification | Kabarak, Main Campus | Kabarak, Main Campus | 17/12/2015 | 10 | 1 | QC522 .T49 2001 | 010297 | 28/11/2024 | 11/11/2024 | 17/12/2015 | General Collection |